<?xml version="1.0" encoding="UTF-8"?>
<collection xmlns="http://www.loc.gov/MARC21/slim">
 <record>
  <leader>07727nam a22003737a 4500</leader>
  <controlfield tag="001">kal6076</controlfield>
  <controlfield tag="003">Gr-AtHEAL</controlfield>
  <controlfield tag="005">20160516041300.0</controlfield>
  <controlfield tag="008">160513b        gr ||||| |||| 00| 0 eng|c</controlfield>
  <datafield tag="020" ind1=" " ind2=" ">
   <subfield code="a">9789606033728</subfield>
  </datafield>
  <datafield tag="040" ind1=" " ind2=" ">
   <subfield code="a">GR-AtHEAL</subfield>
   <subfield code="b">gre</subfield>
   <subfield code="c">GR-AtHEAL</subfield>
  </datafield>
  <datafield tag="082" ind1="0" ind2="4">
   <subfield code="a">776</subfield>
   <subfield code="2">23</subfield>
  </datafield>
  <datafield tag="100" ind1="1" ind2=" ">
   <subfield code="a">Σαντοριναίος, Ματθαίος.</subfield>
   <subfield code="8">2891</subfield>
  </datafield>
  <datafield tag="245" ind1="1" ind2="0">
   <subfield code="a">Από τις σύνθετες τέχνες στα υπερμέσα και τους νέους εικονικούς-δυνητικούς χώρους. Ένα εγχειρίδιο για τον καλλιτέχνη που ασχολείται με την ψηφιακή τέχνη.</subfield>
   <subfield code="h">[Ηλεκτρονικός πόρος] </subfield>
   <subfield code="c">Σαντοριναίος, Ματθαίος, Ζώη, Σταυρούλα, Δημητριάδη, Νεφέλη, Διαμαντόπουλος, Ταξιάρχης, Μπαρδάκος, Γιάννης ;  Κριτικός Αναγνώστης, Μακρής, Δημήτριος ;  Γραφιστική επιμέλεια, Μέλη, Άννα ;  Γλωσσική επιμέλεια, Πανταζή, Ζωή.</subfield>
  </datafield>
  <datafield tag="260" ind1=" " ind2=" ">
   <subfield code="a">Αθήνα :</subfield>
   <subfield code="b">Σύνδεσμος Ελληνικών Ακαδημαϊκών Βιβλιοθηκών,</subfield>
   <subfield code="c">c2015.</subfield>
  </datafield>
  <datafield tag="490" ind1=" " ind2=" ">
   <subfield code="a">Ηλεκτρονικά Ακαδημαϊκά Συγγράμματα και Βοηθήματα Κάλλιπος</subfield>
   <subfield code="8">32</subfield>
  </datafield>
  <datafield tag="505" ind1=" " ind2=" ">
   <subfield code="a">1. Γενεαλογία των μέσων 2. Προσπάθεια περιγραφής της ψηφιακής τέχνης 3. Το εργαστήριο του σύγχρονου καλλιτέχνη και οι χώροι προβολής του ψηφιακού έργου 4. Οι δικτυακές ομάδες τα κοινωνικά κινήματα και ο ρόλος τους στην Τέχνη 5. Οι διαδικτυακοί πολυχρηστικοί κόσμοι 6. Η διαδικασία δημιουργίας στις ψηφιακές τέχνες: Μεθοδολογία του ψηφιακού έργου. Αφήγηση – σενάριο – πολυσενάριο – προγραμματισμός 7. Τα βασικά ψηφιακά εργαλεία καλλιτεχνικής επεξεργασίας και διαχείρισης της εικόνας 8. Τα ψηφιακά εργαλεία καλλιτεχνικής έκφρασης που αφορούν στις νέες εικόνες (τρισδιάστατα γραφικά) 9. Τα ψηφιακά εργαλεία καλλιτεχνικής έκφρασης που αφορούν τον ήχο 10. Τα ψηφιακά εργαλεία καλλιτεχνικής έκφρασης που αφορούν στον συνδυασμό ή στη διαχείριση της εικόνας και του ήχου 11. Το διαδραστικό έργο και το τεχνολογικό υπόβαθρο της διάδρασης 12. Ο προγραμματισμός ως δημιουργική πράξη 13. Επί μέρους διαδικασίες και εργαλεία για την παραγωγή και προώθηση ενός έργου</subfield>
  </datafield>
  <datafield tag="520" ind1=" " ind2=" ">
   <subfield code="a">Το βιβλίο εισάγει τον αναγνώστη στον χώρο της ψηφιακής τέχνης. Επιχειρεί να περιγράψει το συνεχώς εξελισσόμενο νέο περιβάλλον εργασίας, επικοινωνίας και προβολής του ψηφιακού έργου τέχνης. Περιγράφει, επίσης, τα νέα εργαλεία καλλιτεχνικής έκφρασης, αλλά και τα εργαλεία οργάνωσης, αρχειοθέτησης και επικοινωνίας, στοιχεία απαραίτητα για την καλλιτεχνική δημιουργία. Γράφεται με τέτοιον τρόπο ώστε να μην δεσμεύεται τόσο από ένα συγκεκριμένο λογισμικό, τις αναβαθμίσεις ή την αντικατάστασή του, όσο και από μια συγκεκριμένη αισθητική (φιλοσοφία) που περιορίζει την έκταση του χώρου και των εννοιών στις οποίες αναφέρεται. Είναι ένα εγχειρίδιο για έναν ιδιαίτερα πλατύ και ασαφή χώρο που βρίσκεται σε συνεχή εξέλιξη. Για τους παραπάνω λόγους, προσπαθεί κυρίως να κάνει μια οντολογική περιγραφή του ψηφιακού έργου τέχνης, του χώρου όπου εμφανίζεται, και των λειτουργιών του και να δώσει, όσο είναι δυνατόν πιο καθαρά, κάποιες κατευθύνσεις μεθοδολογίας και όχι συγκεκριμένες τεχνικές συνδεμένες με συγκεκριμένα λογισμικά και υλισμικά ή αισθητικές δεσμεύσεις. Η ύλη του χωρίζεται σε δύο τόμους και αντιστοιχεί σε δύο εξάμηνα διδασκαλίας: Ο τόμος Α εισάγει τον αναγνώστη στο ψηφιακό περιβάλλον μέσα στο οποίο δημιουργούνται και παρουσιάζονται τα ψηφιακά έργα τέχνης. Περιγράφει το σύγχρονο εργαστήριο καθώς και τα εργαλεία της ψηφιακής τέχνης, τον χώρο επικοινωνίας, αρχειοθέτησης και επεξεργασίας, καθώς και τον χώρο στον οποίο προβάλλεται ο συγκεκριμένος τομέας της τέχνης. Ο τόμος Β παρουσιάζει και αναλύει όλα τα στάδια για την δημιουργία ενός ψηφιακού έργου, τη σύλληψη της ιδέας, την οργάνωσή της, την προεργασία, τα τεχνολογικά και αισθητικά ζητήματα. Στη συνέχεια παρουσιάζει με λεπτομέρεια όλα τα στάδια της παραγωγής με παραδείγματα, αναφορές και πίνακες. Αναλύει τις ειδικές περιπτώσεις που αφορούν στην ψηφιακή τέχνη, καθώς και τα νέα περιβάλλοντα για την συνεργασία, ενημέρωση και παρουσίαση του έργου ψηφιακής τέχνης.</subfield>
  </datafield>
  <datafield tag="650" ind1=" " ind2="0">
   <subfield code="a">Computer art</subfield>
   <subfield code="8">2963</subfield>
  </datafield>
  <datafield tag="653" ind1=" " ind2=" ">
   <subfield code="a">Τέχνη</subfield>
  </datafield>
  <datafield tag="653" ind1=" " ind2=" ">
   <subfield code="a">Tέχνη και τεχνολογία</subfield>
  </datafield>
  <datafield tag="653" ind1=" " ind2=" ">
   <subfield code="a">Πολυμέσα</subfield>
  </datafield>
  <datafield tag="653" ind1=" " ind2=" ">
   <subfield code="a">Διαδραστικές τέχνες</subfield>
  </datafield>
  <datafield tag="653" ind1=" " ind2=" ">
   <subfield code="a">Ψηφιακές τέχνες</subfield>
  </datafield>
  <datafield tag="700" ind1=" " ind2=" ">
   <subfield code="a">Ζώη, Σταυρούλα</subfield>
   <subfield code="e">Συγγραφέας</subfield>
   <subfield code="8">2893</subfield>
  </datafield>
  <datafield tag="700" ind1=" " ind2=" ">
   <subfield code="a">Δημητριάδη, Νεφέλη</subfield>
   <subfield code="e">Συγγραφέας</subfield>
   <subfield code="8">2894</subfield>
  </datafield>
  <datafield tag="700" ind1=" " ind2=" ">
   <subfield code="a">Διαμαντόπουλος, Ταξιάρχης</subfield>
   <subfield code="e">Συγγραφέας</subfield>
   <subfield code="8">2895</subfield>
  </datafield>
  <datafield tag="700" ind1=" " ind2=" ">
   <subfield code="a">Μπαρδάκος, Γιάννης</subfield>
   <subfield code="e">Συγγραφέας</subfield>
   <subfield code="8">2896</subfield>
  </datafield>
  <datafield tag="700" ind1=" " ind2=" ">
   <subfield code="a">Μακρής, Δημήτριος</subfield>
   <subfield code="e">Κριτικός Αναγνώστης</subfield>
   <subfield code="8">2897</subfield>
  </datafield>
  <datafield tag="856" ind1=" " ind2=" ">
   <subfield code="u">http://hdl.handle.net/11419/6076</subfield>
   <subfield code="z">Πλήρες Κείμενο - Full text</subfield>
  </datafield>
  <datafield tag="907" ind1=" " ind2=" ">
   <subfield code="a">.b25681692</subfield>
   <subfield code="b">25-06-18</subfield>
   <subfield code="c">29-07-16</subfield>
  </datafield>
  <datafield tag="949" ind1=" " ind2=" ">
   <subfield code="0">0</subfield>
   <subfield code="1">0</subfield>
   <subfield code="2">ddc</subfield>
   <subfield code="4">0</subfield>
   <subfield code="6">776_000000000000000_ΣΑΝ</subfield>
   <subfield code="7">0</subfield>
   <subfield code="8">KALL</subfield>
   <subfield code="8">934</subfield>
   <subfield code="d">2016-05-16</subfield>
   <subfield code="r">2016-05-16</subfield>
   <subfield code="w">2016-05-16</subfield>
   <subfield code="z">776 ΣΑΝ</subfield>
   <subfield code="o">SEAB KALLIPOS</subfield>
  </datafield>
  <datafield tag="998" ind1=" " ind2=" ">
   <subfield code="a">80</subfield>
   <subfield code="a">01</subfield>
   <subfield code="a">02</subfield>
   <subfield code="a">03</subfield>
   <subfield code="a">04</subfield>
   <subfield code="a">05</subfield>
   <subfield code="a">06</subfield>
   <subfield code="a">07</subfield>
   <subfield code="a">08</subfield>
   <subfield code="a">09</subfield>
   <subfield code="a">10</subfield>
   <subfield code="a">11</subfield>
   <subfield code="a">12</subfield>
   <subfield code="a">13</subfield>
   <subfield code="a">14</subfield>
   <subfield code="a">15</subfield>
   <subfield code="a">16</subfield>
   <subfield code="a">17</subfield>
   <subfield code="a">18</subfield>
   <subfield code="a">19</subfield>
   <subfield code="a">20</subfield>
   <subfield code="a">21</subfield>
   <subfield code="a">22</subfield>
   <subfield code="a">23</subfield>
   <subfield code="a">24</subfield>
   <subfield code="a">25</subfield>
   <subfield code="a">26</subfield>
   <subfield code="b">29-05-17</subfield>
   <subfield code="c">m</subfield>
   <subfield code="d">z  </subfield>
   <subfield code="e">-</subfield>
   <subfield code="f">gre</subfield>
   <subfield code="g">gr </subfield>
   <subfield code="h">0</subfield>
  </datafield>
  <datafield tag="942" ind1=" " ind2=" ">
   <subfield code="2">ddc</subfield>
   <subfield code="c">KALLIPOS</subfield>
  </datafield>
 </record>
</collection>
